000 00380nam a2200157Ia 4500
001 5091
008 140319s9999 xx 000 0 und d
020 _a0-07-881821-4
040 _cPK-LaUMT
082 _a 005.3
_bJAM-J
100 _aJamsa, Kris
245 _aJamsa's 1001 DOS & PC tips
_cJamsa, Kris
260 _aNew York,USA:
_bMcGraw-Hill,
_c1992
546 _aEN
942 _cBK
999 _c5177
_d5177